बिखरें क्षण / (Record no. 116000)
[ view plain ]
| 000 -LEADER | |
|---|---|
| fixed length control field | 01111nam a22002537a 4500 |
| 005 - DATE AND TIME OF LATEST TRANSACTION | |
| control field | 20170124103032.0 |
| 010 ## - LIBRARY OF CONGRESS CONTROL NUMBER | |
| LC control number | A-595065 |
| 020 ## - INTERNATIONAL STANDARD BOOK NUMBER | |
| Terms of availability | 95.00 |
| 035 ## - SYSTEM CONTROL NUMBER | |
| System control number | A-595065 |
| 037 ## - SOURCE OF ACQUISITION | |
| Source of stock number/acquisition | Cen Lib/Ret |
| 040 ## - CATALOGING SOURCE | |
| Original cataloging agency | DPL |
| Language of cataloging | HN |
| 082 ## - DEWEY DECIMAL CLASSIFICATION NUMBER | |
| Classification number | उ |
| Item number | कपूर |
| 100 ## - MAIN ENTRY--PERSONAL NAME | |
| Personal name | कपूर, अश्विनी |
| 9 (RLIN) | 64321 |
| 245 ## - TITLE STATEMENT | |
| Title | बिखरें क्षण / |
| Statement of responsibility, etc | अश्विनी कपूर |
| 246 ## - VARYING FORM OF TITLE | |
| Title proper/short title | Bikharein kshan / |
| Remainder of title | by Ashwini Kapoor |
| 260 ## - PUBLICATION, DISTRIBUTION, ETC. (IMPRINT) | |
| Place of publication, distribution, etc | नई दिल्ली |
| Name of publisher, distributor, etc | सिद्धार्थ पब्लिकेशन्स |
| Date of publication, distribution, etc | 1989 |
| 270 ## - ADDRESS | |
| City | नई दिल्ली |
| Address | 10, डी. एस. आई. डी. सी. स्कीम II, ओखला इंडस्ट्रियल एरिया फेज II |
| Postal code | 110020 |
| 300 ## - PHYSICAL DESCRIPTION | |
| Extent | 168पृ. |
| Dimensions | 20सेमी (सजिल्द) |
| 650 ## - SUBJECT ADDED ENTRY--TOPICAL TERM | |
| Topical term or geographic name as entry element | हिन्दी साहित्य |
| 9 (RLIN) | 64322 |
| 650 ## - SUBJECT ADDED ENTRY--TOPICAL TERM | |
| Topical term or geographic name as entry element | हिन्दी साहित्य -- उपन्यास |
| 9 (RLIN) | 46379 |
| 650 ## - SUBJECT ADDED ENTRY--TOPICAL TERM | |
| Topical term or geographic name as entry element | Hindi literature |
| 9 (RLIN) | 64323 |
| 650 ## - SUBJECT ADDED ENTRY--TOPICAL TERM | |
| Topical term or geographic name as entry element | Hindi literature -- Fiction |
| 9 (RLIN) | 64324 |
| 942 ## - ADDED ENTRY ELEMENTS (KOHA) | |
| Source of classification or shelving scheme | Dewey Decimal Classification |
| Koha item type | Hindi Books |
| Classification part | उ |
| Call number suffix | कपूर |
| Withdrawn status | Lost status | Damaged status | Not for loan | Home library | Current library | Date acquired | Source of acquisition | Cost, normal purchase price | Total Checkouts | Full call number | Barcode | Date last seen | Copy number | Cost, replacement price | Price effective from | Koha item type |
|---|---|---|---|---|---|---|---|---|---|---|---|---|---|---|---|---|
| Central Library | Central Library | 22/08/2015 | Cen Lib/Ret | 95.00 | उ कपूर | A-595065 | 22/08/2015 | 1 | 95.00 | 22/08/2015 | Hindi Books |
